000 00684nam a2200169 i 4500
001 158432
003 ES-MaACL
005 20230906211139.0
008 040831s1888 sp |||| | spa d
040 _aCAM
_bspa
_cCAM
100 1 _aMadariaga, Juan de.
_9129314
245 1 3 _aLa libertad de los mares
_b: discurso pronunciado en el Centro del Ejército y de la Armada /
_cpor Juan de Madariaga.
260 _aMadrid :
_b[s.n.],
_c1888 (
_fImprenta de Diego Pacheco Latorre)
300 _a35 p. ;
_c19 cm.
710 2 _aCentro del Ejército y de la Armada (Madrid)
_9137469
852 _aES-MaACL
_jT-475-F-12
_z-- Enc. hol.
_q-- Falto de la cub. original
_z-- Enc. en un vol. facticio
999 _c158432
_d158432